01032nam a22002657a 4500999001700000003000900017005001700026008004100043020001800084040004300102082002000145245008200165246001900247264006800266300002700334336002600361337002800387338002700415650002900442653002300471655002400494700007500518942001200593952016100605 c28515d28486EG-ScBUE20200719225048.0200219s2013 enk f 000 0 eng d a9781107611931 aEG-ScBUEbengerdacEG-ScBUEdEG-ScBUE04a428.44bACA22200aAcademic writing skills.n3,pStudent's book /cPeter Chin [and three others]30aStudent's book 1aCambridge, United Kingdom :bCambridge University Press,c2013. aiv, 140 pages ;c24 cm 2rdacontentatextbtxt 2rdamediaaunmediatedbn 2rdacarrieravolumebnc 7aAcademic writing.2BUEsh bHHUUEENNcJuly2020 vReading book9342321 aChin, Peter‏c(Writer of Academic writing skills)‏eauthor.932593 2ddccBB 00102ddc40708BaccahaMAINbMAINc2NDd2020-07-19ePurchaseg330.00l2m6o428.44 ACAp000049398r2025-07-15 00:00:00s2022-01-02v413.00w2020-07-19yBB